01920nam a2200457 i 450000100060000000300080000600500170001400600190003100700150005000800410006502000270010603500230013303500240015603500250018003500220020504000310022705000200025808000110027808200120028910000310030124502880033226400490062030000680066933600310073733700330076833800430080150200930084450400430093758801250098065000270110565000380113265000210117065000340119165000350122565100280126065100100128865500270129870000390132570000360136485600620140022518FlNmELB20241216214019.0m o d | cr cnu||||||||160312s2013 cu a ob 000 0 spa d a9789591628497 (e book) a(MiAaPQ)EBC4310234 a(Au-PeEL)EBL4310234 a(CaPaEBR)ebr11138373 a(OCoLC)1105921030 aFINmELBbspaerdacFINmELB 4aHD31bC728 2013 a658.840 a6582231 aComas Rodríguez, Raúl.10aIntegración de herramientas de control de gestión para el alineamiento estratégico en el sistema empresarial cubano :baplicación en empresas de Sancti Spiritus /cautor: MSc. Raúl Comas Rodríguez ; tutores: Dra. C. Dianelys Nogueira Rivera, Dr. C. Alberto Medina León. 1aLa Habana :bEditorial Universitaria,c2013. a1 recurso en línea (vii, 164 páginas) :bgráficos, tablas atextobtxt2rdacontent/spa acomputadorabc2rdamedia/spa arecurso en líneabcr2rdacarrier/spa aTesisbDoctor en Ciencias TécnicascUniversidad de Matanzas "Camilo Cienfuegos"d2013. aContiene referencias bibliográficas. aDescripción basada en recurso en línea; Título de la página del título en PDF (e-libro, visto March 12, 2015). 0aIndustrial management. 0aStrategic planningvCase studies. 0aProcess control. 4aAdministración de empresas. 4aPlanificación estratégica. 0aSanti Spíritus (Cuba) 4aCuba. 4aLibros electrónicos.1 aNogueira Rivera, Dianelys,etutor.1 aMedina León, Alberto,etutor.40uhttps://elibro.net/ereader/politecnicointernacional/90778